Nervous acts: essays on literature, culture and sensibility
| Main Author: | |
|---|---|
| Format: | Print Book |
| Language: | English |
| Subito Delivery Service: | Order now. |
| Check availability: | HBZ Gateway |
| WorldCat: | WorldCat |
| Interlibrary Loan: | Interlibrary Loan for the Fachinformationsdienste (Specialized Information Services in Germany) |
| Published: |
Basingstoke [u.a.]
Palgrave Macmillan
2004
|
| In: | Year: 2004 |
| Reviews: | [Rezension von: Rousseau, George S., Nervous Acts: Essays on Literature, Culture, and Sensibility] (2007) (Burns, William E.)
|
| Further subjects: | B
Enlightenment
B Literature, Modern - History and criticism B Nervous system B Literature and medicine |
| Online Access: |
Cover Table of Contents |
MARC
| LEADER | 00000cam a2200000 c 4500 | ||
|---|---|---|---|
| 001 | 868937363 | ||
| 003 | DE-627 | ||
| 005 | 20251224202843.0 | ||
| 007 | tu | ||
| 008 | 051103s2004 xx ||||| 00| ||eng c | ||
| 020 | |a 1403934541 |9 1-4039-3454-1 | ||
| 020 | |a 1403934533 |9 1-4039-3453-3 | ||
| 024 | 3 | |a 9781403934543 | |
| 035 | |a (DE-627)868937363 | ||
| 035 | |a (DE-576)121175499 | ||
| 035 | |a (DE-599)GBV868937363 | ||
| 035 | |a (OCoLC)56404513 | ||
| 040 | |a DE-627 |b ger |c DE-627 |e rakwb | ||
| 041 | |a eng | ||
| 082 | 0 | |a 809.933561 | |
| 084 | |a 1 |2 ssgn | ||
| 084 | |a HG 431 |2 rvk |0 (DE-625)rvk/49190: | ||
| 084 | |a EC 2500 |2 rvk |0 (DE-625)rvk/20494: | ||
| 100 | 1 | |8 1\p |0 (DE-588)13046175X |0 (DE-627)501851089 |0 (DE-576)298210258 |4 aut |a Rousseau, G. S. |d 1941- | |
| 109 | |a Rousseau, G. S. 1941- |a Rousseau, George S. 1941- |a Rousseau, George Sebastian 1941- |a Rousseau, George 1941- | ||
| 245 | 1 | 0 | |a Nervous acts |b essays on literature, culture and sensibility |c George S. Rousseau |
| 263 | |a (pbk) : £16.99 | ||
| 264 | 1 | |a Basingstoke [u.a.] |b Palgrave Macmillan |c 2004 | |
| 300 | |a XII, 395 S. | ||
| 336 | |a Text |b txt |2 rdacontent | ||
| 337 | |a ohne Hilfsmittel zu benutzen |b n |2 rdamedia | ||
| 338 | |a Band |b nc |2 rdacarrier | ||
| 500 | |a Includes bibliographical references and index. - Essays previously published in various sources, 1965 - 2000 | ||
| 583 | 1 | |a Archivierung prüfen |c 20200919 |f DE-640 |z 2 |2 pdager | |
| 601 | |a Literatur | ||
| 653 | 0 | |a Enlightenment | |
| 653 | 0 | |a Literature and medicine | |
| 653 | 0 | |a Literature, Modern - History and criticism | |
| 653 | 0 | |a Nervous system | |
| 787 | 0 | 8 | |i Rezensiert in |a Burns, William E. |t [Rezension von: Rousseau, George S., Nervous Acts: Essays on Literature, Culture, and Sensibility] |d 2007 |w (DE-627)1802398309 |
| 856 | 4 | 2 | |u http://bvbr.bib-bvb.de:8991/F?func=service&doc_library=BVB01&doc_number=016435419&line_number=0001&func_code=DB_RECORDS&service_type=MEDIA |m V:DE-604 |q application/pdf |3 Inhaltsverzeichnis |7 1 |
| 856 | 4 | 2 | |u https://swbplus.bsz-bw.de/bsz121175499cov.jpg |m V:DE-576 |m X:springer |q image/jpeg |v 20160205124850 |3 Cover |7 1 |
| 883 | |8 1\p |a cgwrk |d 20241001 |q DE-101 |u https://d-nb.info/provenance/plan#cgwrk | ||
| 935 | |i Blocktest | ||
| 936 | r | v | |a HG 431 |b Mensch; Leben; Liebe |k Anglistik. Amerikanistik |k Englische Literatur |k Allgemeines und sämtliche Epochen |k Literaturgeschichte |k Stoff- und Motivgeschichte (mit Emblematik und Symbolik) |k Einzelne Stoffe; Motive; Embleme |k Mensch; Leben; Liebe |0 (DE-627)1270866982 |0 (DE-625)rvk/49190: |0 (DE-576)200866982 |
| 936 | r | v | |a EC 2500 |b Beziehungen zu sonstigen Gebieten |k Allgemeine und vergleichende Sprach- und Literaturwissenschaft. Indogermanistik. Außereuropäische Sprachen und Literaturen |k Allgemeine und vergleichende Literaturwissenschaft. |k Beziehungen der Literatur zu anderen Gebieten |k Beziehungen zu sonstigen Gebieten |0 (DE-627)1270749250 |0 (DE-625)rvk/20494: |0 (DE-576)200749250 |
| 951 | |a BO | ||
| ELC | |b 1 | ||
| ORI | |a SA-MARC-ixtheo_oa001.raw | ||
| REL | |a 1 | ||
| SUB | |a REL | ||